Регионална библиотека "Любен Каравелов" - Русе

Белоградчишка симфония (Запис номер 11922)

MARC детайли
000 -Лидер
Контролно поле с фиксирана дължина 01007nam a2200289 c 4500
003 - Код на организацията, давaща контролен номер
Контролно поле BLK
005 - Дата и час на последна редакция
Контролно поле 20180420214712.0
008 - Елементи от данни с фиксирана дължина
fixed length control field 180412b bul|||||r ||||||| ||bul||
010 ## - Наследен системен номер
LC control number KNG00013497000
020 ## - Международен стандартен номер на книга ISBN
Международен стандартен номер на книга ISBN 954-8831-13-9
-- издат.: Орел, рак и щука
040 ## - Източник на каталожния запис
Идентификатор на билиотеката - собственик на записа BLK
041 ## - Код за език
Код за езика на текст/звукозапис или на отделно заглавие Български
Код за езика КДБФ Български
080 ## - УДК
Текстов определител УДК Българска литература
УДК код - определител по УДК 821.163.2
УДК определител -1
УДК - код + определител 821.163.2-1
100 1# - Редна дума - Автор
Автор Рудников, Иван
Авторска отговорност първи автор
Автор - информация (биография) Тодоров, Иван Стефанов
R(LIN) 117252
139 ## - Редно поле
Редна дума Рудников, Иван
Авторски знак Руд - Р 91
245 10 - Сведения за заглавието
Заглавие Белоградчишка симфония
Подзаглавни данни Лирика
Редно поле (дума) Иван Рудников.
257 ## - Страна на издаване
Страна на създаване/издаване България
260 ## - Област на издателските данни
-- София
Име на издателя, разпространителя и проч. Орел, рак и щука
Година на издаване 1996
300 ## - Физическа характеристика
Страници 64 с.
Размери/Мащаб 20 см
380 ## - Жанр
Жанр Худож. лит.
500 ## - Общи забележки
Забележка Деп. списък: 27 ; 1 000 тир
852 ## - Местоположение
Форматна сигнатура Цб 189737
856 4# - Електронен адрес и достъп
Електронен формат pdf - файл
Път до файла /url/
856 4# - Електронен адрес и достъп
Електронен формат pdf - файл
Път до файла /url/
942 ## - АРТИКУЛИ
Вид на библиотечния материал Книги
Скрит в OPAC Не
944 ## - СЪЗДАВАНЕ И РЕДАКЦИЯ на ЗАПИСА
Създаване/Редакция Създаване
Дата на регистрацията/редакция 15.01.2003
Служител, извършил регистрацията/редакцията AB_DOS
944 ## - СЪЗДАВАНЕ И РЕДАКЦИЯ на ЗАПИСА
Създаване/Редакция Редакция
Дата на регистрацията/редакция 21.12.2016
Служител, извършил регистрацията/редакцията Сечил_Томаш
999 ## - СИСТЕМНИ КОНТРОЛНИ НОМЕРА
Koha biblionumber 11922
Koha biblioitemnumber 11922
Наличности
Код за отписване Код за изгубен артикул Източник на класификационната схема Код за повреда Коз за рестрикции Код за отдаване Артикулен № Име на библиотеката - собственик Име на библиотеката, в която се намира в момента Статус (Текущо местоположение) Дата на вписване в системата Местоположение - отдел Цена в лева Инвентарен номер Систематично азбучна сигнатура Баркод Номер на екземпляра Цена в евро Служебен тип на артикула
  Не е изгубен Universal Decimal Classification Не е повреден без рестрикции ползва се в читалня 20667 Регионална библиотека "Любен Каравелов" Русе Регионална библиотека "Любен Каравелов" Русе Хранилище 2001-01-01 Хранилище 0.39 625525 Цб 189737 120000625525 1 0.20 Книги
Vip Innovations Ltd, Rousse, Bulgaria 2025